| 000 | 00383nam a2200145Ia 4500 | ||
|---|---|---|---|
| 008 | 231129s1993||||xx |||||||||||||| ||spa|| | ||
| 020 | _a958-07-0236-5 | ||
| 040 | _bspa | ||
| 082 | _a(i) 843.992 A581b | ||
| 100 | _aAnfousse Ginette | ||
| 245 | 0 | _aLas barricadas de Arturo | |
| 260 | _c1993 | ||
| 264 | _aEdilux Ediciones | ||
| 942 |
_2ddc _cBKS |
||
| 999 |
_c18611 _d18611 |
||